opac header logoIBA Library

The design thinking tool box: (Record no. 685)

MARC details
000 -LEADER
fixed length control field 00492nam a22001697a 4500
003 - CONTROL NUMBER IDENTIFIER
control field BD-DhUIB
005 - DATE AND TIME OF LATEST TRANSACTION
control field 20251222155952.0
008 - FIXED-LENGTH DATA ELEMENTS--GENERAL INFORMATION
fixed length control field 251222b |||||||| |||| 00| 0 eng d
040 ## - CATALOGING SOURCE
Original cataloging agency BD-DhUIB
Transcribing agency BD-DhUIB
050 ## - LIBRARY OF CONGRESS CALL NUMBER
Classification number 658.575
082 ## - DEWEY DECIMAL CLASSIFICATION NUMBER
Edition number 22
100 ## - MAIN ENTRY--PERSONAL NAME
Personal name Lewrick, Michael.
9 (RLIN) 1104
245 ## - TITLE STATEMENT
Title The design thinking tool box:
Remainder of title a guide to mastering the most popular and valuable innovation methods/
Statement of responsibility, etc. by Michael Lewrick.
300 ## - PHYSICAL DESCRIPTION
Extent 309p.
Other physical details illus;
Dimensions 20cm.
526 ## - STUDY PROGRAM INFORMATION NOTE
Program name BBA
942 ## - ADDED ENTRY ELEMENTS (KOHA)
Source of classification or shelving scheme Dewey Decimal Classification
Koha item type Books
Holdings
Withdrawn status Lost status Source of classification or shelving scheme Damaged status Not for loan Collection code Home library Current library Shelving location Date acquired Source of acquisition Total Checkouts Full call number Barcode Date due Date last seen Date last checked out Copy number Price effective from Koha item type
    Dewey Decimal Classification     Non-fiction IBA Library IBA Library General Stacks 12/14/2025 Purchase 1 658.575L669d 00051698 01/07/2026 12/24/2025 12/24/2025 C-1 12/22/2025 Books
Copyright © 2021-2026 | IBA Library
Institute of Business Administration (IBA)
University of Dhaka
Library Home | IBA Home